Largest Astronomical Objects by Type - Statistics

General Stats
  • This quiz has been taken 623 times
    548 since last reset
  • The average score is 5 of 15
Answer Stats
Type Mean Radius (km) Mass (Sun) Answer % Correct
Solar Planet 69,911 9.5005e-4 Jupiter
80%
Asteroid 469.73 4.6964e-10 Ceres
67%
Solar Moon (mass) 2,634.1 7.4169e-8 Ganymede
67%
Solar Dwarf Planet (mass) 1,163.0 8.2412e-9 Eris
57%
Sednoid (mean radius) 1,025.0 No Data Sedna
44%
Black Hole 1.9448e11 6.6000e10 TON 618
41%
Star (radius) 1.1893e9 ~8 UY Scuti
32%
Void 3.1220e21 Not Applicable Boötes void
26%
Nebula 8.8080e15 >4.5000e5 Tarantula
12%
Globular Cluster 8.1360e14 2.0500e6 Omega Centauri
8%
Centaur 238.00 No Data Chariklo
7%
Structure 9.4607e22 2e19 Hercules-Corona Borealis Great Wall
7%
Galaxy Cluster No Data 3e15 El Gordo
4%
Quasar Group 3.7843e22 6.1000e18 Huge-LQG
4%
Spiral Galaxy 4.3803e18 2e12 Godzilla Galaxy
3%
No matching quizzes found
Score Distribution
Percent of People with Each Score
Percentile by Number Answered
Your Score History
You have not taken this quiz since the last reset